| 000 | 00380nam a22001577a 4500 | ||
|---|---|---|---|
| 020 | _a978-81-921207-4-7 | ||
| 082 |
_a647.01 _bNAY |
||
| 100 | _aNAYAK, SHESADEV .S | ||
| 245 | _aINTRODUCTION TO HOSPITALITY INDUSTRY | ||
| 250 | _a2ND | ||
| 260 |
_aDELHI _bAMAN PUBLICATION _c2011 |
||
| 300 | _a198 | ||
| 650 | _aHOSPITALITY MANAGEMENT | ||
| 653 | _aHOSPITALITY | ||
| 942 |
_2ddc _cBK |
||
| 999 |
_c8017 _d8017 |
||